| 000 | 00476 a2200169 4500 | ||
|---|---|---|---|
| 999 |
_c317466 _d317466 |
||
| 001 | 82393 | ||
| 003 | NUST | ||
| 005 | 20180119192210.0 | ||
| 008 | 180119b xxu||||| |||| 00| 0 eng d | ||
| 020 | _a9780195476293 | ||
| 082 | _a370.9 QUR | ||
| 100 |
_aRashida Qureshi ; Fauzia Shamim _99132 |
||
| 245 |
_aSchools and Schooling Practices in Pakistan:lesson for policy and Practice _hEglish |
||
| 250 | _a1st | ||
| 260 |
_aNew york _bOxford University press _c2009 |
||
| 300 | _axiii 259p. | ||
| 500 | _aGeneral Books | ||
| 505 | _aAHQ Books | ||
| 942 |
_acaenust _cBK _k370.9 QUR _2ddc |
||